01165nam a2200193Ia 4500001001100000003001000011008004100021040002500062041001300087100001900100245009300119250001100212260006600223300001200289500026000301501011400561520026000675650003600935L707-29289IT-CnALBA170116s9999||||xx |||||||||||||| ||und|| aIT-CnALBAcIT-CnALBA aITALIANO aPITTALUGA MARY 0aCENNI DI STORIA DELL'ARTE. VOL. I: DALL'ARTE GRECA E ROMANA ALLA FINE DEL QUATTROCENTO.  a5a ed. aFIRENZEbLE MONNIER FELICE E SUCCESSORIc1959 [1° Ed.: n.d.] a272 p.  aTESTO PER GLI ISTITUTI MAGISTRALI. STILE DORICO, JONICO. TEATRI E STADI. ARTE ELLENISTICA. GLI ETRUSCHI. ARTE ROMANA. POMPEI. BASILICHE CRISTIANE A ROMA E A RAVENNA. ARTE ROMANICA. IL GOTICO. ORCAGNA. GIOTTO. IL RINASCIMENTO. ILLUSTRAZIONI IN BIANCO E NER aSocietà San Paolo EM - Piazza San Paolo, 14 - 12051 ALBA (CN) (non commercial uses only) ® Copyright 2017 aTESTO PER GLI ISTITUTI MAGISTRALI. STILE DORICO, JONICO. TEATRI E STADI. ARTE ELLENISTICA. GLI ETRUSCHI. ARTE ROMANA. POMPEI. BASILICHE CRISTIANE A ROMA E A RAVENNA. ARTE ROMANICA. IL GOTICO. ORCAGNA. GIOTTO. IL RINASCIMENTO. ILLUSTRAZIONI IN BIANCO E NER aSTUDIO E INSEGNAMENTO DELL'ARTE